[Event "Oberliga Ost B 2016 2017"]
[Site "Germany"]
[Date "2016.12.04"]
[Round "4.8"]
[White "Olesiak, Marcin"]
[Black "Buerckner, Georg"]
[Result "1/2-1/2"]
[WhiteElo "1997"]
[BlackElo "2052"]
[PlyCount "77"]
[EventDate "2016.10.16"]
[EventType "team-tourn"]
[EventCountry "GER"]
[WhiteTeam "Oberursel SV"]
[BlackTeam "Sangerhausen SV"]
[WhiteTeamCountry "GER"]
[BlackTeamCountry "GER"]

1. d4 d5 2. Nf3 e6 3. c4 Nf6 4. Nc3 Be7 5. g3 O-O 6. Bg2 Nbd7 7. O-O Re8 8. b3
c6 9. Bb2 b6 10. Ne5 Nxe5 11. dxe5 Nd7 12. cxd5 cxd5 13. e4 Ba6 14. Re1 Nxe5
15. exd5 Nd3 16. dxe6 fxe6 17. Bxa8 Qxa8 18. Rxe6 Nxf2 19. Qd5 Bb7 20. Qd7 Nh3+
21. Kf1 Ba6+ 22. Ke1 Qh1+ 23. Kd2 Bg5+ 24. Kc2 Qg2+ 25. Ne2 Qxe2+ 26. Rxe2
Rxe2+ 27. Kb1 Re1+ 28. Bc1 Rxc1+ 29. Kb2 Rc8 30. Re1 h6 31. Qxh3 Bf6+ 32. Ka3
Rc5 33. Re8+ Kh7 34. Qe6 Ra5+ 35. Kb4 Rb5+ 36. Ka4 Ra5+ 37. Kb4 Rb5+ 38. Ka4
Ra5+ 39. Kb4 1/2-1/2

[Event "Oberliga Ost B 2016 2017"]
[Site "Germany"]
[Date "2017.01.15"]
[Round "5.1"]
[White "Teske, Henrik"]
[Black "Lubbe, Melanie"]
[Result "1-0"]
[WhiteElo "2487"]
[BlackElo "2261"]
[PlyCount "69"]
[EventDate "2016.10.16"]
[EventType "team-tourn"]
[EventCountry "GER"]
[WhiteTeam "Erfurt SV Empor"]
[BlackTeam "Neuberg SF"]
[WhiteTeamCountry "GER"]
[BlackTeamCountry "GER"]

1. c4 Nf6 2. Nc3 g6 3. e4 d6 4. d4 Bg7 5. Nf3 O-O 6. Be2 e5 7. Be3 exd4 8. Nxd4
Re8 9. f3 c6 10. O-O d5 11. cxd5 cxd5 12. Qb3 dxe4 13. Bc4 Re7 14. Rad1 Nbd7
15. Nxe4 Qa5 16. Nb5 Ne5 17. Nxf6+ Bxf6 18. Bd5 Be6 19. Nd6 Bxd5 20. Rxd5 Qa6
21. Rfd1 Nc6 22. Ne4 Be5 23. Bc5 Re6 24. Ng5 Rf6 25. Rd7 Rf4 26. Nxf7 Qc4 27.
Nxe5 Nxe5 28. Rxb7 Qxb3 29. axb3 a5 30. Kf1 Rc8 31. Be3 Rf5 32. Bd4 Re8 33. Re1
h5 34. Rb5 Nxf3 35. Rxe8+ 1-0

[Event "Oberliga Ost B 2016 2017"]
[Site "Germany"]
[Date "2017.01.15"]
[Round "5.2"]
[White "Kuenstler, Christian"]
[Black "Langheinrich, Ferenc"]
[Result "1/2-1/2"]
[WhiteElo "2259"]
[BlackElo "2381"]
[PlyCount "35"]
[EventDate "2016.10.16"]
[EventType "team-tourn"]
[EventCountry "GER"]
[WhiteTeam "Neuberg SF"]
[BlackTeam "Erfurt SV Empor"]
[WhiteTeamCountry "GER"]
[BlackTeamCountry "GER"]

1. d4 Nf6 2. Bg5 g6 3. Bxf6 exf6 4. g3 Bg7 5. Bg2 O-O 6. e3 f5 7. Ne2 d6 8. O-O
Nd7 9. c4 Nf6 10. Nbc3 Re8 11. Qd3 h5 12. b4 h4 13. b5 hxg3 14. hxg3 Ng4 15.
Bf3 Rb8 16. Rab1 Bd7 17. Kg2 g5 18. e4 1/2-1/2

[Event "Oberliga Ost B 2016 2017"]
[Site "Germany"]
[Date "2017.01.15"]
[Round "5.3"]
[White "Friedrich, Wiede"]
[Black "Wahedi, Ahmad Siar"]
[Result "1-0"]
[WhiteElo "2302"]
[BlackElo "2294"]
[PlyCount "47"]
[EventDate "2016.10.16"]
[EventType "team-tourn"]
[EventCountry "GER"]
[WhiteTeam "Erfurt SV Empor"]
[BlackTeam "Neuberg SF"]
[WhiteTeamCountry "GER"]
[BlackTeamCountry "GER"]

1. e4 e6 2. d4 d5 3. Nd2 c5 4. Ngf3 Nc6 5. exd5 exd5 6. Bb5 a6 7. Bxc6+ bxc6 8.
O-O Be6 9. Re1 Nf6 10. Ng5 Qd7 11. Ndf3 Bd6 12. Nxf7 Kxf7 13. Ng5+ Kg8 14. Nxe6
cxd4 15. Nxd4 Rf8 16. Be3 Bb8 17. Qe2 c5 18. Nb3 c4 19. Nd2 h6 20. Bd4 Kf7 21.
Rad1 Qf5 22. Bxf6 Re8 23. Be7 Bd6 24. Nxc4 1-0

[Event "Oberliga Ost B 2016 2017"]
[Site "Germany"]
[Date "2017.01.15"]
[Round "5.4"]
[White "Lutz, Klaus Juergen"]
[Black "Urban, Lars"]
[Result "1-0"]
[WhiteElo "2277"]
[BlackElo "2196"]
[PlyCount "47"]
[EventDate "2016.10.16"]
[EventType "team-tourn"]
[EventCountry "GER"]
[WhiteTeam "Neuberg SF"]
[BlackTeam "Erfurt SV Empor"]
[WhiteTeamCountry "GER"]
[BlackTeamCountry "GER"]

1. e4 e6 2. d4 d5 3. Nc3 h6 4. a3 Nf6 5. e5 Nfd7 6. f4 c5 7. Nf3 Nc6 8. dxc5
Bxc5 9. b4 Be7 10. Bd3 a6 11. O-O b5 12. Qe1 Nb6 13. Qg3 g6 14. Be3 Bb7 15. Qf2
Nc4 16. Bxc4 bxc4 17. Rfd1 Nb8 18. Ne2 Nd7 19. Ned4 Bf8 20. Qg3 Qc7 21. Nxe6
fxe6 22. Qxg6+ Kd8 23. Nd4 Kc8 24. Nxe6 1-0

[Event "Oberliga Ost B 2016 2017"]
[Site "Germany"]
[Date "2017.01.15"]
[Round "5.5"]
[White "Michalowski, Peter"]
[Black "Schaffer, Hendrik"]
[Result "1/2-1/2"]
[WhiteElo "2058"]
[BlackElo "2267"]
[PlyCount "64"]
[EventDate "2016.10.16"]
[EventType "team-tourn"]
[EventCountry "GER"]
[WhiteTeam "Erfurt SV Empor"]
[BlackTeam "Neuberg SF"]
[WhiteTeamCountry "GER"]
[BlackTeamCountry "GER"]

1. e4 c5 2. Nf3 d6 3. d4 cxd4 4. Nxd4 Nf6 5. Nc3 g6 6. Be3 Bg7 7. f3 O-O 8. Qd2
Nc6 9. O-O-O d5 10. Nxc6 bxc6 11. Bh6 Bxh6 12. Qxh6 Qa5 13. e5 Nd7 14. h4 Rd8
15. e6 Nf8 16. exf7+ Kxf7 17. h5 Rd6 18. hxg6+ hxg6 19. Rh4 Rf6 20. Rf4 Qc7 21.
Rxf6+ exf6 22. g4 Qe5 23. Bd3 Qg5+ 24. Qxg5 fxg5 25. Ne2 Be6 26. c4 Nd7 27. Nd4
Ne5 28. c5 Rh8 29. Kc2 Bd7 30. b4 Rh2+ 31. Rd2 Rh3 32. Be2 Ke7 1/2-1/2

[Event "Oberliga Ost B 2016 2017"]
[Site "Germany"]
[Date "2017.01.15"]
[Round "5.6"]
[White "Heck, Norbert"]
[Black "Weishaeutel, Moritz"]
[Result "1-0"]
[WhiteElo "2242"]
[BlackElo "1879"]
[PlyCount "59"]
[EventDate "2016.10.16"]
[EventType "team-tourn"]
[EventCountry "GER"]
[WhiteTeam "Neuberg SF"]
[BlackTeam "Erfurt SV Empor"]
[WhiteTeamCountry "GER"]
[BlackTeamCountry "GER"]

1. Nf3 d5 2. c4 e6 3. g3 Nf6 4. Bg2 Be7 5. O-O O-O 6. d4 c6 7. Nc3 Nbd7 8. b3
b6 9. Bb2 Bb7 10. Qc2 Rc8 11. e4 dxe4 12. Nxe4 c5 13. Nxf6+ Nxf6 14. Rad1 Qc7
15. dxc5 Qxc5 16. Rfe1 h6 17. Ne5 Bxg2 18. Kxg2 Rfd8 19. Qe2 Qc7 20. Qf3 Rd6
21. Rxd6 Bxd6 22. h4 Rd8 23. g4 Bb4 24. Re2 Rd2 25. Rxd2 Bxd2 26. Qa8+ Kh7 27.
Qf8 Be1 28. Nxf7 Bxf2 29. Qh8+ Kg6 30. Ne5+ 1-0

[Event "Oberliga Ost B 2016 2017"]
[Site "Germany"]
[Date "2017.01.15"]
[Round "5.7"]
[White "Sieber, Stephan"]
[Black "Landsiedel, Stephan"]
[Result "0-1"]
[WhiteElo "2208"]
[BlackElo "2070"]
[PlyCount "76"]
[EventDate "2016.10.16"]
[EventType "team-tourn"]
[EventCountry "GER"]
[WhiteTeam "Erfurt SV Empor"]
[BlackTeam "Neuberg SF"]
[WhiteTeamCountry "GER"]
[BlackTeamCountry "GER"]

1. e4 e6 2. d4 d5 3. Nc3 Bb4 4. e5 Qd7 5. f4 b6 6. a3 Bxc3+ 7. bxc3 Ba6 8. Bxa6
Nxa6 9. Qd3 Nb8 10. Ne2 Ne7 11. O-O Nbc6 12. g4 g6 13. Ng3 O-O-O 14. a4 Na5 15.
Ba3 Nc4 16. a5 b5 17. Bc5 a6 18. f5 Nc6 19. fxe6 fxe6 20. Rf6 Rdg8 21. g5 Nd8
22. Bb4 h6 23. gxh6 Rxh6 24. Raf1 Qh7 25. R1f2 Rh8 26. Nf1 Rh3 27. Qe2 Kb7 28.
Qg4 Rh4 29. Qg2 g5 30. Qg3 g4 31. Rf8 Rxf8 32. Rxf8 Nc6 33. Qf2 Rh3 34. Ng3
N4xe5 35. dxe5 Nxe5 36. Nf1 Nf3+ 37. Kg2 Qe4 38. Rxf3 Rxf3 0-1

[Event "Oberliga Ost B 2016 2017"]
[Site "Germany"]
[Date "2017.01.15"]
[Round "5.8"]
[White "Skarke, Harald"]
[Black "Pichl, Michael"]
[Result "1/2-1/2"]
[WhiteElo "2013"]
[BlackElo "2055"]
[PlyCount "64"]
[EventDate "2016.10.16"]
[EventType "team-tourn"]
[EventCountry "GER"]
[WhiteTeam "Neuberg SF"]
[BlackTeam "Erfurt SV Empor"]
[WhiteTeamCountry "GER"]
[BlackTeamCountry "GER"]

1. e4 c5 2. Nf3 g6 3. g3 Bg7 4. Bg2 Nc6 5. O-O Nf6 6. d3 O-O 7. Nbd2 d6 8. h3
Rb8 9. Kh2 b5 10. c3 b4 11. c4 Ne8 12. Ne1 Nc7 13. f4 Ne6 14. Nef3 a5 15. Rb1
Bd7 16. Nh4 Ned4 17. Ndf3 f5 18. Nxd4 Nxd4 19. Nf3 e6 20. Nxd4 Bxd4 21. Qe2 Qf6
22. Be3 a4 23. Qf2 Rfc8 24. Bxd4 Qxd4 25. Qxd4 cxd4 26. Rfe1 Rc5 27. exf5 gxf5
28. Re2 Kf7 29. Rbe1 Re8 30. Bf3 Kf6 31. Kg2 Bc6 32. g4 Bxf3+ 1/2-1/2

[Event "Oberliga Ost B 2016 2017"]
[Site "Germany"]
[Date "2017.01.15"]
[Round "5.1"]
[White "Wehner, Janis"]
[Black "Zimmermann, Hendrik"]
[Result "0-1"]
[WhiteElo "2210"]
[BlackElo "2157"]
[PlyCount "100"]
[EventDate "2016.10.16"]
[EventType "team-tourn"]
[EventCountry "GER"]
[WhiteTeam "Erfurt SV Medizin"]
[BlackTeam "Frankfurt SC Koenig Nied"]
[WhiteTeamCountry "GER"]
[BlackTeamCountry "GER"]

1. e4 c5 2. Nf3 d6 3. d4 cxd4 4. Nxd4 Nf6 5. Nc3 a6 6. Bg5 e6 7. f4 Qb6 8. Nb3
Nbd7 9. Qf3 Be7 10. O-O-O Qc7 11. g4 b5 12. Bxf6 gxf6 13. Bd3 Bb7 14. Rhe1
O-O-O 15. Qh3 b4 16. Ne2 Nc5 17. Ned4 d5 18. e5 Kb8 19. Qh5 Rdf8 20. Kb1 h6 21.
Nxc5 Bxc5 22. Nf3 Ka7 23. f5 fxe5 24. Nxe5 f6 25. Ng6 e5 26. Nxf8 Bxf8 27. Qh4
Qb6 28. Qg3 Bc5 29. Rf1 a5 30. h4 Rg8 31. Be2 a4 32. g5 hxg5 33. h5 Rh8 34. Rh1
Rh6 35. Rh2 e4 36. Rh3 Bd6 37. Qe3 Bc5 38. Qd2 Bc6 39. c3 e3 40. Qc2 bxc3 41.
Qxc3 d4 42. Qc4 Rh7 43. Bd3 Bd6 44. Bc2 Be5 45. Bxa4 Rb7 46. Bb3 Be4+ 47. Ka1
Bxf5 48. Rhh1 Qb4 49. Qxb4 Rxb4 50. h6 Bh7 0-1

[Event "Oberliga Ost B 2016 2017"]
[Site "Germany"]
[Date "2017.01.15"]
[Round "5.2"]
[White "Staller, Peter"]
[Black "Hausknecht, Matthias"]
[Result "1-0"]
[WhiteElo "2264"]
[BlackElo "2186"]
[PlyCount "85"]
[EventDate "2016.10.16"]
[EventType "team-tourn"]
[EventCountry "GER"]
[WhiteTeam "Frankfurt SC Koenig Nied"]
[BlackTeam "Erfurt SV Medizin"]
[WhiteTeamCountry "GER"]
[BlackTeamCountry "GER"]

1. Nf3 b6 2. g3 Bb7 3. Bg2 g5 4. h3 e6 5. d4 h6 6. Nbd2 Bg7 7. c3 d6 8. O-O Nd7
9. e4 Ne7 10. Re1 Ng6 11. Nf1 a6 12. N3d2 Qe7 13. Ne3 O-O 14. Nf5 Qd8 15. Nxg7
Kxg7 16. Nc4 f5 17. exf5 Bxg2 18. Rxe6 Rxf5 19. Kxg2 Qg8 20. d5 Raf8 21. Be3
Qf7 22. Qd4+ Kg8 23. Qe4 b5 24. Nd2 Nde5 25. Rf1 Rf6 26. Rxf6 Qxf6 27. f4 gxf4
28. Bxf4 Qg7 29. Bxe5 Nxe5 30. Rxf8+ Kxf8 31. Nf3 Nxf3 32. Kxf3 Qd7 33. g4 Kg7
34. Kg3 Qf7 35. Qd4+ Kh7 36. Qd3+ Kg7 37. h4 Qe7 38. Qd2 Qe5+ 39. Kh3 Qe7 40.
g5 Qd7+ 41. Kg3 hxg5 42. Qxg5+ Kh7 43. Qh5+ 1-0

[Event "Oberliga Ost B 2016 2017"]
[Site "Germany"]
[Date "2017.01.15"]
[Round "5.3"]
[White "Holzschuh, Stephan"]
[Black "Chandler, Patrick"]
[Result "1-0"]
[WhiteElo "2292"]
[BlackElo "2154"]
[PlyCount "67"]
[EventDate "2016.10.16"]
[EventType "team-tourn"]
[EventCountry "GER"]
[WhiteTeam "Erfurt SV Medizin"]
[BlackTeam "Frankfurt SC Koenig Nied"]
[WhiteTeamCountry "GER"]
[BlackTeamCountry "GER"]

1. c4 e5 2. Nc3 Nc6 3. g3 g6 4. Bg2 Bg7 5. e3 Nge7 6. Nd5 Nxd5 7. cxd5 Ne7 8.
Ne2 c6 9. Nc3 O-O 10. O-O d6 11. Qb3 Kh8 12. d3 Qa5 13. dxc6 bxc6 14. Bd2 Qb6
15. Qa3 Nf5 16. Rfc1 Bb7 17. b4 a5 18. Rab1 a4 19. b5 c5 20. Nd5 Bxd5 21. Bxd5
Ra7 22. Rc4 Ne7 23. Bg2 d5 24. Qxc5 Qb7 25. Rcc1 Rc8 26. Qd6 e4 27. dxe4 dxe4
28. Bxe4 Rxc1+ 29. Rxc1 Qxb5 30. Qd8+ Bf8 31. Qxf8+ Ng8 32. Bc3+ f6 33. Bxf6+
Rg7 34. Bxg7# 1-0

[Event "Oberliga Ost B 2016 2017"]
[Site "Germany"]
[Date "2017.01.15"]
[Round "5.4"]
[White "Prenzler, Daniel"]
[Black "Kirschbaum, Gunnar"]
[Result "0-1"]
[WhiteElo "2237"]
[BlackElo "2141"]
[PlyCount "94"]
[EventDate "2016.10.16"]
[EventType "team-tourn"]
[EventCountry "GER"]
[WhiteTeam "Frankfurt SC Koenig Nied"]
[BlackTeam "Erfurt SV Medizin"]
[WhiteTeamCountry "GER"]
[BlackTeamCountry "GER"]

1. d4 Nf6 2. Nc3 d6 3. e4 g6 4. f3 c6 5. Be3 Nbd7 6. Qd2 e5 7. O-O-O Qa5 8. Kb1
b5 9. dxe5 dxe5 10. g4 Qc7 11. Bh6 a6 12. h4 Bb7 13. Bh3 O-O-O 14. Bxf8 Nxf8
15. g5+ N6d7 16. Nge2 Kb8 17. Qd6 Qxd6 18. Rxd6 Kc7 19. Rhd1 Bc8 20. a4 Re8 21.
a5 Nb8 22. Bxc8 Kxc8 23. f4 exf4 24. Nxf4 Nfd7 25. b4 Ne5 26. Nd3 Nbd7 27. Na2
Kc7 28. Nxe5 Nxe5 29. Nc1 Rd8 30. Rxd8 Rxd8 31. Rf1 Rd4 32. c3 Rxe4 33. Nb3 Re3
34. Nc5 Rxc3 35. Nxa6+ Kd6 36. Rf6+ Kd5 37. Nc7+ Kc4 38. Rf4+ Kb3 39. a6 Nd3
40. Rf1 Rc2 41. a7 Rb2+ 42. Ka1 Ra2+ 43. Kb1 Rxa7 44. Rxf7 Nxb4 45. Rxh7 Nd5
46. h5 Nc3+ 47. Kc1 Ra2 0-1

[Event "Oberliga Ost B 2016 2017"]
[Site "Germany"]
[Date "2017.01.15"]
[Round "5.5"]
[White "Reichel, Norbert"]
[Black "Graf, Gerd"]
[Result "0-1"]
[WhiteElo "2131"]
[BlackElo "2237"]
[PlyCount "70"]
[EventDate "2016.10.16"]
[EventType "team-tourn"]
[EventCountry "GER"]
[WhiteTeam "Erfurt SV Medizin"]
[BlackTeam "Frankfurt SC Koenig Nied"]
[WhiteTeamCountry "GER"]
[BlackTeamCountry "GER"]

1. c4 g6 2. Nc3 Bg7 3. Nf3 d6 4. g3 e5 5. d4 Nd7 6. Bg2 Ngf6 7. O-O O-O 8. e4
exd4 9. Nxd4 Re8 10. Re1 a6 11. h3 Rb8 12. Be3 c5 13. Nb3 Ne5 14. Qe2 Be6 15.
Nd2 b5 16. cxb5 axb5 17. Nd5 Bxd5 18. exd5 c4 19. Reb1 Qa5 20. Qf1 Nd3 21. a4
Rxe3 22. Nb3 Qb4 23. fxe3 Qxb3 24. axb5 Nd7 25. Ra7 Qxb5 26. Rba1 N7e5 27. Ra8
h5 28. R1a2 Kh7 29. R8a5 Qb6 30. Qe2 Bh6 31. Kh2 Bxe3 32. Be4 f5 33. Ra7+ Qxa7
34. Rxa7+ Bxa7 35. Bxd3 cxd3 0-1

[Event "Oberliga Ost B 2016 2017"]
[Site "Germany"]
[Date "2017.01.15"]
[Round "5.6"]
[White "Perlitz, Sven"]
[Black "Mueller Ludwig, Kristin"]
[Result "1-0"]
[WhiteElo "2065"]
[BlackElo "2078"]
[PlyCount "65"]
[EventDate "2016.10.16"]
[EventType "team-tourn"]
[EventCountry "GER"]
[WhiteTeam "Frankfurt SC Koenig Nied"]
[BlackTeam "Erfurt SV Medizin"]
[WhiteTeamCountry "GER"]
[BlackTeamCountry "GER"]

1. e4 e6 2. d4 d5 3. Nd2 c5 4. exd5 exd5 5. Bb5+ Nc6 6. Ne2 Bd6 7. O-O Nge7 8.
dxc5 Bxc5 9. Nb3 Bd6 10. Bf4 O-O 11. Bxd6 Qxd6 12. Re1 Rd8 13. Qd2 Bf5 14. Ned4
Bg6 15. c3 Rac8 16. Qe3 Nxd4 17. Nxd4 Nc6 18. Rad1 Kf8 19. Nb3 Bc2 20. Rc1 Re8
21. Qc5 Rxe1+ 22. Rxe1 Rd8 23. Qxd6+ Rxd6 24. Nd4 Bg6 25. f3 f6 26. Ne6+ Kf7
27. Nc5 Ne5 28. f4 Rb6 29. a4 a6 30. fxe5 axb5 31. a5 Rc6 32. Nxb7 Be4 33. Nd8+
1-0

[Event "Oberliga Ost B 2016 2017"]
[Site "Germany"]
[Date "2017.01.15"]
[Round "5.7"]
[White "Jakob, Matthias"]
[Black "Goll, Christof"]
[Result "1/2-1/2"]
[WhiteElo "2068"]
[BlackElo "2082"]
[PlyCount "92"]
[EventDate "2016.10.16"]
[EventType "team-tourn"]
[EventCountry "GER"]
[WhiteTeam "Erfurt SV Medizin"]
[BlackTeam "Frankfurt SC Koenig Nied"]
[WhiteTeamCountry "GER"]
[BlackTeamCountry "GER"]

1. d4 e6 2. Nf3 Nf6 3. e3 c5 4. Bd3 d6 5. Nbd2 Be7 6. b3 Nbd7 7. Bb2 O-O 8. O-O
b6 9. Qe2 a6 10. Rfd1 Bb7 11. c4 Qc7 12. Rac1 Rac8 13. a3 Qb8 14. b4 Rfd8 15.
Ng5 Qa8 16. f3 h6 17. Nge4 Nxe4 18. fxe4 e5 19. Rf1 Bf6 20. Qf2 Re8 21. Qf5 Rc7
22. bxc5 bxc5 23. d5 Nf8 24. Bc3 Bc8 25. Qf2 Rb7 26. Rb1 Bd7 27. Rxb7 Qxb7 28.
Rb1 Qc7 29. Nb3 Rb8 30. Ba5 Qc8 31. Qd2 Ba4 32. Qc3 Rb7 33. Nd2 Bg5 34. Kf2 Qb8
35. Rxb7 Qxb7 36. Bc2 Qd7 37. Bb3 Bh4+ 38. g3 Bg5 39. Qc2 Bxb3 40. Qxb3 Qc8 41.
Qb6 Be7 42. Qc6 Qh3 43. Nf3 g5 44. Qe8 Qd7 45. Qxd7 Nxd7 46. Nd2 Nf6 1/2-1/2

[Event "Oberliga Ost B 2016 2017"]
[Site "Germany"]
[Date "2017.01.15"]
[Round "5.8"]
[White "Graebner, Walter"]
[Black "Nguyen, Ha Thanh"]
[Result "1/2-1/2"]
[WhiteElo "2061"]
[BlackElo "1704"]
[PlyCount "60"]
[EventDate "2016.10.16"]
[EventType "team-tourn"]
[EventCountry "GER"]
[WhiteTeam "Frankfurt SC Koenig Nied"]
[BlackTeam "Erfurt SV Medizin"]
[WhiteTeamCountry "GER"]
[BlackTeamCountry "GER"]

1. d4 f5 2. Nf3 Nf6 3. g3 g6 4. Bg2 Bg7 5. O-O O-O 6. c4 d6 7. Nc3 Qe8 8. d5
Na6 9. Be3 c6 10. Nd4 Bd7 11. Qd2 Kh8 12. Bh6 Nc7 13. Bxg7+ Kxg7 14. e3 Rd8 15.
Rfd1 e5 16. dxe6 Bxe6 17. b3 Bf7 18. Qb2 Kg8 19. Nde2 Qe7 20. Qa3 a6 21. Rd2
Rd7 22. Rad1 Rfd8 23. h4 Nce8 24. Nf4 Ng7 25. Qc1 Nge8 26. Qc2 Nc7 27. a4 Qe5
28. Nd3 Qe7 29. Nf4 Qe5 30. Nd3 Qe7 1/2-1/2

[Event "Oberliga Ost B 2016 2017"]
[Site "Germany"]
[Date "2017.01.15"]
[Round "5.1"]
[White "Keller, Peter"]
[Black "De Visser, Leon"]
[Result "1/2-1/2"]
[WhiteElo "2285"]
[BlackElo "2258"]
[PlyCount "132"]
[EventDate "2016.10.16"]
[EventType "team-tourn"]
[EventCountry "GER"]
[WhiteTeam "Frankfurter TV"]
[BlackTeam "Frankfurt SC Brett vorm Kopp"]
[WhiteTeamCountry "GER"]
[BlackTeamCountry "GER"]

1. e4 c6 2. d4 d5 3. e5 c5 4. dxc5 Nc6 5. Nf3 Bg4 6. c3 e6 7. Be3 Nge7 8. Nbd2
Qc7 9. Qa4 Bh5 10. Bd3 Bg6 11. Be2 Nf5 12. Bd4 Be7 13. b4 O-O 14. b5 Nb8 15.
O-O Bxc5 16. Bxc5 Qxc5 17. c4 Nd4 18. Nxd4 Qxd4 19. Nf3 Qb2 20. Rfe1 Nd7 21.
Qb3 Qxb3 22. axb3 dxc4 23. bxc4 Nc5 24. Red1 a5 25. bxa6 Rxa6 26. Nd4 Rd8 27.
Nb5 Rxa1 28. Rxa1 f6 29. f4 Be4 30. Nd6 Bc6 31. Ra7 Kf8 32. Kf2 Ne4+ 33. Nxe4
Bxe4 34. exf6 gxf6 35. g3 Kf7 36. Ke3 Bc6 37. c5 Rd5 38. Ra5 Rd7 39. Bc4 Bd5
40. Bd3 f5 41. Bb5 Rd8 42. Ra7 Kf6 43. Be2 h6 44. h4 Rg8 45. Kf2 Rc8 46. Ra5
Rc6 47. Rb5 Ra6 48. Rb2 Ra3 49. Rc2 Be4 50. Rc4 e5 51. fxe5+ Kxe5 52. Rb4 Rc3
53. Rb6 Bc6 54. Ba6 Rf3+ 55. Ke2 Rxg3 56. Bxb7 Bxb7 57. Rxb7 Rg4 58. h5 Rc4 59.
Rh7 Kf4 60. Rxh6 Rc2+ 61. Kd3 Rxc5 62. Rd6 Kf3 63. Kd4 Rc1 64. h6 Rh1 65. Ke5
Rh5 66. Rf6 f4+ 1/2-1/2

[Event "Oberliga Ost B 2016 2017"]
[Site "Germany"]
[Date "2017.01.15"]
[Round "5.2"]
[White "Koch, Markus"]
[Black "Telljohann, Sven"]
[Result "0-1"]
[WhiteElo "2168"]
[BlackElo "2409"]
[PlyCount "90"]
[EventDate "2016.10.16"]
[EventType "team-tourn"]
[EventCountry "GER"]
[WhiteTeam "Frankfurt SC Brett vorm Kopp"]
[BlackTeam "Frankfurter TV"]
[WhiteTeamCountry "GER"]
[BlackTeamCountry "GER"]

1. d4 g6 2. c4 Bg7 3. e4 d6 4. Nc3 Nf6 5. f3 O-O 6. Nge2 c5 7. Be3 cxd4 8. Nxd4
Nc6 9. Qd2 Nxd4 10. Bxd4 Be6 11. Be2 Qa5 12. O-O Rfc8 13. b3 a6 14. Rfd1 Nd7
15. Bxg7 Kxg7 16. Rac1 Kg8 17. Bf1 b5 18. cxb5 axb5 19. Nxb5 Rxc1 20. Qxa5 Rxa5
21. Rxc1 Rxa2 22. Rb1 Nb6 23. Nd4 Bd7 24. b4 Kf8 25. b5 Ke8 26. Nc6 g5 27. Nb4
Ra7 28. Kf2 Kd8 29. Na6 Na4 30. Rc1 Rb7 31. Rc4 Nb6 32. Rd4 Nc8 33. Rb4 Na7 34.
e5 Bxb5 35. Bxb5 Rxb5 36. exd6 exd6 37. Rd4 Kd7 38. Nb4 Nc6 39. Nxc6 Kxc6 40.
h4 h6 41. Rc4+ Rc5 42. Ra4 Kd5 43. h5 Rc2+ 44. Kg3 Rc4 45. Ra8 Rh4 0-1

[Event "Oberliga Ost B 2016 2017"]
[Site "Germany"]
[Date "2017.01.15"]
[Round "5.3"]
[White "Brueggemann, Ludger"]
[Black "Wendel, Stephan"]
[Result "1-0"]
[WhiteElo "2190"]
[BlackElo "2273"]
[PlyCount "79"]
[EventDate "2016.10.16"]
[EventType "team-tourn"]
[EventCountry "GER"]
[WhiteTeam "Frankfurter TV"]
[BlackTeam "Frankfurt SC Brett vorm Kopp"]
[WhiteTeamCountry "GER"]
[BlackTeamCountry "GER"]

1. e4 c5 2. f4 d5 3. exd5 Qxd5 4. Nc3 Qe6+ 5. Be2 Nc6 6. Nf3 Nf6 7. O-O Qd6 8.
Nb5 Qd8 9. Ne5 Bd7 10. d4 a6 11. d5 Nb4 12. Nc3 Bf5 13. Bf3 Nxc2 14. g4 Nxa1
15. gxf5 g6 16. Ne4 Bg7 17. Ng5 O-O 18. fxg6 hxg6 19. Be3 Nc2 20. Qxc2 Nxd5 21.
Bc1 Nxf4 22. Bxf4 Qd4+ 23. Kg2 Qxf4 24. Nexf7 Rad8 25. Qxg6 Rd2+ 26. Rf2 Rxf2+
27. Kxf2 Qxh2+ 28. Ke3 Qg1+ 29. Ke2 Qh2+ 30. Kf1 Rc8 31. Bd5 Qf4+ 32. Ke2 Qg4+
33. Bf3 Qc4+ 34. Kf2 Qd4+ 35. Kg3 Qg1+ 36. Bg2 Qe1+ 37. Kg4 Qd1+ 38. Bf3 Qg1+
39. Kh3 Qf1+ 40. Bg2 1-0

[Event "Oberliga Ost B 2016 2017"]
[Site "Germany"]
[Date "2017.01.15"]
[Round "5.4"]
[White "Wege, Jochen"]
[Black "Rutkowski, Ingo"]
[Result "1-0"]
[WhiteElo "2295"]
[BlackElo "2168"]
[PlyCount "65"]
[EventDate "2016.10.16"]
[EventType "team-tourn"]
[EventCountry "GER"]
[WhiteTeam "Frankfurt SC Brett vorm Kopp"]
[BlackTeam "Frankfurter TV"]
[WhiteTeamCountry "GER"]
[BlackTeamCountry "GER"]

1. e4 e5 2. f4 Bc5 3. Nf3 d6 4. c3 Bb6 5. d4 exd4 6. cxd4 Bg4 7. Be3 Nf6 8. Nc3
Nxe4 9. Nxe4 Qe7 10. Qc2 Bf5 11. Bd3 Bxe4 12. Bxe4 d5 13. Bxd5 Qxe3+ 14. Kf1
O-O 15. Bxb7 Na6 16. Bxa6 Rad8 17. Qd2 Qe6 18. Bd3 h6 19. b3 c5 20. Re1 Qc6 21.
Kf2 Rd6 22. Re7 Bd8 23. Rxa7 cxd4 24. Ra6 Bb6 25. Rc1 Qd5 26. Qb4 Qe6 27. Re1
Qf6 28. Qb5 g6 29. Qe5 Qd8 30. Qe7 Qb8 31. h4 Rd5 32. Re5 Rxe5 33. Nxe5 1-0

[Event "Oberliga Ost B 2016 2017"]
[Site "Germany"]
[Date "2017.01.15"]
[Round "5.5"]
[White "Diyap, Murat"]
[Black "Vollmar, Rainer"]
[Result "1-0"]
[WhiteElo "2084"]
[BlackElo "2143"]
[PlyCount "101"]
[EventDate "2016.10.16"]
[EventType "team-tourn"]
[EventCountry "GER"]
[WhiteTeam "Frankfurter TV"]
[BlackTeam "Frankfurt SC Brett vorm Kopp"]
[WhiteTeamCountry "GER"]
[BlackTeamCountry "GER"]

1. e4 c5 2. Nf3 Nc6 3. Nc3 g6 4. d4 cxd4 5. Nxd4 Bg7 6. Nb3 Nf6 7. Be2 O-O 8.
Be3 d6 9. Qd2 Be6 10. Bh6 Rc8 11. h4 Ne5 12. h5 Qb6 13. hxg6 fxg6 14. f3 a5 15.
O-O-O Nc4 16. Qg5 Bxh6 17. Qxh6 Qe3+ 18. Qxe3 Nxe3 19. Rdg1 a4 20. Nd4 Bd7 21.
Bb5 a3 22. Kd2 e5 23. Kxe3 Rxc3+ 24. bxc3 exd4+ 25. cxd4 Bxb5 26. Rb1 Ba6 27.
Rb3 d5 28. e5 Nd7 29. Rhb1 Rc8 30. Kd2 Rc6 31. Rc3 Rxc3 32. Kxc3 Kf7 33. Kb4
Ke6 34. Kxa3 Ke7 35. Kb4 Nb6 36. Rh1 h5 37. g4 hxg4 38. Rh7+ Kf8 39. fxg4 Nc4
40. Kc5 Ne3 41. e6 Nxg4 42. e7+ Ke8 43. Kd6 Bb5 44. Rh8+ Kf7 45. Rf8+ Kg7 46.
e8=Q Bxe8 47. Rxe8 b5 48. Rb8 Ne3 49. Rxb5 g5 50. Rb3 Nxc2 51. Kxd5 1-0

[Event "Oberliga Ost B 2016 2017"]
[Site "Germany"]
[Date "2017.01.15"]
[Round "5.6"]
[White "Kues, Jarl Hendrik"]
[Black "Du Maire, Jerome"]
[Result "1/2-1/2"]
[WhiteElo "2136"]
[BlackElo "2169"]
[PlyCount "21"]
[EventDate "2016.10.16"]
[EventType "team-tourn"]
[EventCountry "GER"]
[WhiteTeam "Frankfurt SC Brett vorm Kopp"]
[BlackTeam "Frankfurter TV"]
[WhiteTeamCountry "GER"]
[BlackTeamCountry "GER"]

1. d4 d5 2. Nf3 Nf6 3. Bf4 c6 4. c3 Qb6 5. Qb3 Bf5 6. h3 h6 7. e3 Nbd7 8. Be2
e6 9. O-O Be7 10. c4 dxc4 11. Bxc4 1/2-1/2